• 首页
  • 本馆介绍
  • 公告通知
  • 最新文献
  • 馆藏检索
  • 电子资源
  • 读者导购
  • 参考咨询
  • 我的图书馆
  • 登录
  • 期刊详细显示
  • 现刊情况显示
  • 合订本情况显示
  • 篇目信息显示

期刊信息

  • 表格格式
  • 工作单格式
  • 卡片格式
索取号 
C55/ESHY
题名 
21世纪(原:21世纪留学交流未来)
作者 
21世纪杂志社
分册号 
分册名 
出版地 
北京
出版者 
21世纪杂志社
标准刊号 
1005-2984
出版频率 
月刊
中图法分类 
C55
主题词 
社会科学 连续出版物; 社会科学 期刊
电子资源 
000 00703nas0 2200241 45
001 0552754062
005 20210916165328.25
010    @d7
011    @a1005-2984@dCNY7.00(2006)
091    @aCN11-3284/C
092    @b82-611
100    @a20051129d km y0chiy0120 ea
101 0  @achi
200 1  @a21世纪(原:21世纪留学交流未来)@A21 Shi Ji(Yuan:21 Shi Ji Liu Xue Jiao Liu Wei Lai)@f21世纪杂志社@F21 Shi Ji Za Zhi She
210    @a北京@c21世纪杂志社
300    @a2011(1)未装订存于密集书库1
326    @a月刊
606 0  @a社会科学@x连续出版物
606 0  @a社会科学@x期刊
690    @aC55@v4
701  0 @a21世纪杂志社@A21 Shi Ji Za Zhi She
801  0 @aCN@bPFT@c20090605
905    @aTJWY@dC55@eESHY
    
    21世纪(原:21世纪留学交流未来)/21世纪杂志社.-北京:21世纪杂志社
    
    2011(1)未装订存于密集书库1
    
    7 ISSN 1005-2984:CNY7.00(2006)
    
●
相关链接: 在易读查询期刊 在中国知网中查询期刊 在万方数据查询期刊 在维普查询期刊
唐山师范学院图书馆 欢迎您!
大连网信软件有限公司© 版权所有